Litwa - Okręgi Litwy (podział administracyjny Litwy) - Mapa - Statystyki

Ogólne statystyki
  • Ten quiz został rozwiązany 3 797 razy
  • Średni wynik to 5 z 10
Odpowiedzi na mapie
Odpowiedzi zakodowano w zielono-czerwonej skali na mapie do tego quizu, zgodnie z poniższymi procentami.
 
Statystyki odpowiedzi
Okręg Stolica % Poprawnych
Wileński Wilno
97%
Kłajpedzki Kłajpeda
83%
Kowieński Kowno
82%
Mariampolski Mariampol
50%
Szawelski Szawle
46%
Poniewieski Poniewież
40%
Olicki Olita
38%
Tauroski Taurogi
29%
Uciański Uciana
23%
Telszański Telsze
21%
Nie znaleziono quizów pasujących do podanych kryteriów
Rozkład punktacji
Procent ludzi z każdym wynikiem
Percentyl według liczby udzielonych odpowiedzi
Twoja historia wyników
Nie rozwiązałeś tego quizu